Statistics for Mario Kart Wii Items

Click here to take the quiz!

General Stats

  • This quiz has been taken 653 times
  • The average score is 12 of 18

Answer Stats

TypeAnswer% Correct
ShellRed Shell
94%
ShellGreen Shell
93%
DroppedBanana
83%
MushroomMushroom
82%
InvincibleStar
82%
MushroomGolden Mushroom
77%
StormLightning
76%
MushroomTriple Mushroom
71%
ShellTriple Green Shell
68%
SpeedBullet Bill
67%
ShellTriple Red Shell
67%
DroppedTriple Banana
58%
BlackoutBlooper
57%
DroppedFake Item Box
50%
ShellSpiny Shell
50%
MushroomMega Mushroom
47%
StormThunder Cloud
42%
DroppedBom-Omb
14%

Score Distribution

Percentile by Number Answered

Percent of People with Each Score

Your Score History

You have not taken this quiz